000
00289nam a22001337a 4500
082
_a
894.812.3
_b
ROY/E
100
_a
ROY, K.N
245
_a
ERULUM VELICHAVUM
260
_a
KOCHI
_b
HARVEST PUBLISHING & MARKETTING
_c
1992
300
_a
170
520
_a
NOVEL
650
_a
NOVEL
942
_c
BK
999
_c
5507
_d
5507